000 00483nam a22001817a 4500
003 OSt
005 20260522170554.0
008 260522b |||||||| |||| 00| 0 eng d
020 _a9781583415689
040 _cchuka University Library
050 _aML 1700 .R54 2008
100 _aRiggs, Kate
_926587
245 _aOpera Music
260 _aMinnesota
_bCreative Education
_c2008
300 _a24p
_bColoured Illustrations
650 _aOpera-Juvenile
_926588
942 _2lcc
_cBK
_n0
999 _c22944
_d22944